000 00326 a2200157 4500
001 57975
020 _a
040 _cAnchieta - Pituba
100 _aCarducci, Giosuè
240 1 0 _aPoesias escolhidas
_lpor
245 1 0 _aPoesias escolhidas
300 _a249
362 0 _a1971
650 4 _aPoesia italiana
942 _cBK
999 _c57975
_d57975